Скупой = (Record no. 205228)
[ view plain ]
| 000 -LEADER | |
|---|---|
| fixed length control field | 01008nam a2200229 u 4500 |
| 001 - CONTROL NUMBER | |
| control field | 000612475 |
| 003 - CONTROL NUMBER IDENTIFIER | |
| control field | AM-YeHGA |
| 005 - DATE AND TIME OF LATEST TRANSACTION | |
| control field | 20250618073039.0 |
| 008 - FIXED-LENGTH DATA ELEMENTS--GENERAL INFORMATION | |
| fixed length control field | 081114s1903 ||| r 000 0 fre d |
| 040 ## - CATALOGING SOURCE | |
| Original cataloging agency | AM-YeHGA |
| 041 1# - LANGUAGE CODE | |
| Language code of text/sound track or separate title | fre |
| Language code of summary or abstract | rus |
| 090 ## - LOCALLY ASSIGNED LC-TYPE CALL NUMBER (OCLC); LOCAL CALL NUMBER (RLIN) | |
| -- | 206726 |
| 100 1# - MAIN ENTRY--PERSONAL NAME | |
| Personal name | Мольер, Жан-Батист |
| 245 10 - TITLE STATEMENT | |
| Title | Скупой = |
| Remainder of title | L'Avare : Комедия Мольера / |
| Statement of responsibility, etc. | Текст с введенiемъ, прим. и словаремъ объяснил К.Л. Фельи. |
| 246 11 - VARYING FORM OF TITLE | |
| Title proper/short title | L'Avare : |
| Remainder of title | Comedie en cinq actes |
| 260 ## - PUBLICATION, DISTRIBUTION, ETC. | |
| Place of publication, distribution, etc. | Санкт-Петербург : |
| Name of publisher, distributor, etc. | Изд. С.А. Манштейна , |
| Date of publication, distribution, etc. | 1903. |
| 300 ## - PHYSICAL DESCRIPTION | |
| Extent | 138 с. |
| 440 #0 - SERIES STATEMENT/ADDED ENTRY--TITLE | |
| Title | Избранныя произведенiя немецких и французских писателей для класснаго и домашняго чтенiя |
| 546 ## - LANGUAGE NOTE | |
| Language note | Введение на рус. |
| 650 14 - SUBJECT ADDED ENTRY--TOPICAL TERM | |
| Topical term or geographic name entry element | Ֆրանսիական գրականություն |
| 9 (RLIN) | 4810 |
| 700 1# - ADDED ENTRY--PERSONAL NAME | |
| Personal name | Фельи, К.Л. |
| Relator term | авт. примеч. |
| Relationship | aui |
| Withdrawn status | Lost status | Damaged status | Not for loan | Collection | Home library | Current library | Date acquired | Cost, normal purchase price | Total checkouts | Full call number | Barcode | Date last seen | Price effective from | Koha item type | Public note |
|---|---|---|---|---|---|---|---|---|---|---|---|---|---|---|---|
| General | Fundamental Scientific Library | Fundamental Scientific Library | 29/12/2016 | 2.00 | PI/2777 | FL0084042 | 29/12/2016 | 29/12/2016 | Գրքեր / Books | 30 Days Loan |
ՀՀ Գիտությունների ազգային ակադեմիայի հիմնարար գիտական գրադարան = Fundamental Scientific Library of NAS RA
All site content, except where otherwise noted, is licensed under a